| 000 | 00693nam a2200217 a 4500 | ||
|---|---|---|---|
| 001 | 61319 | ||
| 003 | BD-RjUL | ||
| 005 | 20211209080939.0 | ||
| 008 | 170117s1926 cauc 000 0 eng d | ||
| 035 | _a(BD-RjUL)61443 | ||
| 040 |
_aDLC _cCarP _dDLC _beng |
||
| 041 | _aeng | ||
| 082 |
_223 _a411.11 _bMOL 1926 |
||
| 100 | 1 |
_aMorrow, William Chambers, _d1853-1923. [from old catalog] _9182879 |
|
| 245 | 1 | 4 |
_aThe logic of punctuation, for all who have to do with written English / _cW. C. Morrow |
| 260 |
_aSan Francisco, Calif. : _bH. Law, _cc1926 |
||
| 300 |
_axvi, 3-245 p. : _bill. ; _c22 cm. |
||
| 650 | 0 |
_aEnglish language _xPunctuation. _9182880 |
|
| 942 |
_2ddc _cBK |
||
| 999 |
_c61319 _d61319 |
||